000 nam a22 a 4500
999 _c420887
_d420887
003 BLK
005 20210622111211.0
008 180411b bul|||||r ||||||| ||bul||
040 _aBLK
041 _aBUL
_cBUL
080 _aБългарска литература
_b821.163.2
_x-2
_z821.163.2-2
100 1 _aМесечков, Недялко Спиров
_eпърви автор
_9327239
139 _aМесечков, Недялко Спиров
_bМ 50
245 1 0 _aЙондо от оня свят :
_bСборник едноактни комедии
_cНедялко Месечков.
260 _aСофия
_bЗемя и култура
_c1948
_9219590
300 _a112 с.
_c15 см
380 _aX
852 _aЦб 8.155.34430
_bЦб
942 _cKNG
_n0
_s1
944 _aCR
_c2021-06-22
_kГГГ